| 000 | 00823nam a2200217Ii 4500 | ||
|---|---|---|---|
| 003 | JO-AjNU | ||
| 008 | 230605s9999||||xx |||||||||||||| ||und|| | ||
| 017 | _a2001/10/2216 | ||
| 040 |
_aJO-AjNU _bara _erda _cJO-AjNU |
||
| 041 | _aara | ||
| 050 | 1 | 4 | _aPJ8062.M8386 2001 |
| 100 | 3 |
_aعبيد الله، محمد, _eauthor _945411 |
|
| 245 | 0 | 0 | _aالقصة القصيرة في فلسطين والأردن منذ نشأتها حتى جيل "الأفق الجديد" |
| 264 | 3 | 1 | _aعمان:وزارة الثقافة،2001 |
| 300 | _a350ص | ||
| 336 |
_atext _btxt _2rdacontent |
||
| 337 |
_aunmediated _bn _2rdamedia |
||
| 338 |
_avolume _bnc _2rdacarrier |
||
| 490 | 0 | _aسلسلة كتاب الشهر 23 | |
| 650 | 4 |
_aالأدب العربي - قصص قصيرة - الأردن - فلسطين - تاريخ ونقد _945412 |
|
| 999 |
_aA19682 _c23250 _d23250 |
||